|
|
|
|
| LEADER |
00000cam a2200000 a 4500 |
| 001 |
vtls001515705 |
| 003 |
SK-MaSNL |
| 005 |
20260301074314.0 |
| 008 |
251112s1584 pl 000 0 ger |
| 035 |
|
|
|a urn:nbn:sk:snk-am00cri3
|
| 035 |
|
|
|a urn:nbn:sk:snk-am3hac1
|
| 035 |
|
|
|a 4E082956-C1D1-49C1-901F-ED016C1D2282
|
| 040 |
|
|
|a SNK
|b slo
|c SNK
|e AACR2
|
| 041 |
0 |
|
|a ger
|
| 044 |
|
|
|a pl
|c PL
|
| 072 |
|
7 |
|a 2
|x Náboženstvo
|2 konspekt
|
| 080 |
|
|
|a 2-475.5
|2 2011
|
| 080 |
|
|
|a 393
|2 2011
|
| 080 |
|
|
|a 2-528
|2 2011
|
| 100 |
1 |
|
|a Pollach, Lukas,
|c starší,
|d 1536-1583
|4 aut
|4 dto
|9 213352
|
| 245 |
0 |
4 |
|a Vom Ewigen Leben den Kinder Gottes. Sieben Predigten/ zu S. Maria Magdalena inn Bresslaw getha Lvcas Pollio
|
| 260 |
|
|
|a Bresslaw
|b durch Johan Scharffenberg
|c 1584
|
| 300 |
|
|
|a [14], 208 l.
|c 8°
|c 15 x 9,5 cm
|
| 500 |
|
|
|a Iniciálky s ornamentálnym pozadím vo voľnom priestore na 4 r., titulný list v drevorezovom ráme s ornamentálnou a figurálnou výzdobou a červeno-čiernou tlačou
|
| 501 |
|
|
|a Príväzok 1.: VIERLING, Franz: Leichpredigt. - Gedruckt zu Bresslaw : durch Johan: Scharffenberg, 1583.
|5 SNK ID 99611/prív.1
|
| 504 |
|
|
|a Marginálie, kustody
|
| 508 |
|
|
|a Ded.: Pollach, Lukas st.
|
| 510 |
0 |
|
|a VD 16 P/4009
|
| 546 |
|
|
|a Latinčina
|b Fraktúra
|b Kurzíva
|
| 550 |
|
|
|a Na titulnom liste je uvedené len miesto vytlačenia a rok rímskymi číslicami, ktorý je však poškodený. Údaje ďalšie do impresa doplnené z kolofónu
|
| 561 |
|
|
|a Z knižnice františkánov v Kremnici.
|5 SNK ID 99611
|
| 562 |
|
|
|a Rukopisné poznámky s nemčine.
|5 SNK ID 99611
|
| 562 |
|
|
|a Conventus Cremniciens Ord: Min: Strict: Obser: - 1679 Hans Goltberger hat dißes Buch bekomen von meinen Fetter Mattes: Pisch. mit ehren zu einem gedechtniß.
|5 SNK ID 99611
|
| 562 |
|
|
|a Dielo je defektné, chýbajú prvé listy za titulným listom.
|5 SNK ID 99611
|
| 563 |
|
|
|a Väzba: pôvodná, tmavohnedá koža s ornamentálnou slepotlačou, spona a stopa po spone.
|5 SNK ID 99611
|
| 650 |
0 |
7 |
|a kázne
|2 SNKPH
|9 1954
|
| 650 |
0 |
7 |
|a pohreby
|2 SNKPH
|9 1976
|
| 650 |
0 |
7 |
|a liturgia
|2 SNKPH
|9 1990
|
| 655 |
|
7 |
|a staré tlače
|2 SNKPH
|9 69193
|
| 700 |
1 |
|
|a Pollach, Lukas,
|c starší,
|d 1536-1583
|4 ded
|9 213352
|
| 700 |
1 |
|
|a Szarffenberg, Jan
|4 prt
|9 195864
|
| 700 |
1 |
|
|a Pisch, Mattes
|d 1679
|4 fmo
|9 396722
|
| 700 |
1 |
|
|a Goltberger, Hans,
|d 1679
|4 fmo
|9 396723
|
| 710 |
0 |
|
|a Szarffenberg, Jan (Wrocław, Poľsko)
|4 prt
|9 305334
|
| 710 |
2 |
|
|a Františkáni (Kremnica, Slovensko)
|4 fmo
|9 162717
|
| 752 |
|
|
|a Poľsko
|d Wrocław
|
| 852 |
|
|
|a snk
|b Františkáni Kremnica
|p ID 99611
|
| 958 |
|
|
|a ONDV
|
| 999 |
|
|
|c 646813
|d 648743
|
| 952 |
|
|
|t Fr Kr 1454
|a SNK
|b SNK
|c SNK_HF
|y PREZ
|7 0
|p 17A1256542
|o snkID 99611
|i snkF 173/2006
|8 5
|0 0
|1 0
|4 0
|d 2005-04-05
|f 1
|l 0
|r 2005-04-05 00:00:00
|w 2026-02-23
|